| 000 | 00885nam a2200265 a 4500 | ||
|---|---|---|---|
| 001 | 000024829 | ||
| 005 | 20200930023408.0 | ||
| 008 | 110204s1994 ag r 000 0 spa d | ||
| 020 | _z9507390387 | ||
| 040 |
_aDO-SdBNP _bspa _cBNPHU |
||
| 041 | 1 | 7 |
_aspa _heng _2Código de idioma MARC |
| 082 |
_a294.5 _bM978s, 1994 |
||
| 100 | 1 |
_aMurphet, Howard, _d1906-2004. _950955 |
|
| 240 | 1 | 0 |
_aSai Baba : man of miracles. _lEspañol. |
| 245 | 1 | 0 |
_aSai Baba el hombre milagroso / _cHoward Murphet ; traducido por Arlette M. Meyer G. |
| 250 | _a13a ed. | ||
| 260 |
_aBuenos Aires, (Argentina) : _bErrepar, _c1994. |
||
| 300 |
_a268, [4] p. ; _c20 cm. |
||
| 534 |
_aTítulo orinal: _tSai Baba, man of miracles |
||
| 600 | 1 | 4 |
_aSRI SAI BABA, _d1836-1918 _950956 |
| 650 | 4 |
_aHinduismo _9689 |
|
| 650 | 4 |
_aFilosofía hindú _948510 |
|
| 700 | 1 |
_aMeyer G., Arlette M. _etr. _950957 |
|
| 049 | _aBNGR | ||
| 999 |
_c24322 _d24322 |
||